Organizational Theory Design and Change (Record no. 902)

MARC details
000 -LEADER
fixed length control field 00454nam a22001817a 4500
005 - DATE AND TIME OF LATEST TRANSACTION
control field 20180813171234.0
008 - FIXED-LENGTH DATA ELEMENTS--GENERAL INFORMATION
fixed length control field 160517b xxu||||| |||| 00| 0 eng d
020 ## - INTERNATIONAL STANDARD BOOK NUMBER
ISBN 978-81-317-1668-7
041 ## - LANGUAGE CODE
Language code of text/sound track or separate title eng
082 ## - DEWEY DECIMAL CLASSIFICATION NUMBER
Item number 2478
Classification number 658.4
100 ## - MAIN ENTRY--AUTHOR NAME
Personal name Gareth R. Jones and Mathew, Mary
245 ## - TITLE STATEMENT
Title Organizational Theory Design and Change
250 ## - EDITION STATEMENT
Edition statement 5th ed.
260 ## - PUBLICATION, DISTRIBUTION, ETC. (IMPRINT)
Name of publisher Pearsons
Year of publication 2009
300 ## - PHYSICAL DESCRIPTION
Number of Pages 542p,
650 ## - SUBJECT ADDED ENTRY--TOPICAL TERM
Topical Term Management
942 ## - ADDED ENTRY ELEMENTS (KOHA)
Koha item type Books
Holdings
Lost status Damaged status Collection code Home library Current library Shelving location Date acquired Cost, normal purchase price Full call number Accession Number Koha item type
    MANAGEMENT JRU Library JRU Library SHELF-64-E 17/05/2016 449.00 658.4 2478 Books
    MANAGEMENT JRU Library JRU Library SHELF-64-E 17/05/2016 449.00 658.4 2479 Books
      JRU Library   SHELF-29-J 17/05/2016 449.00 658.4 2480 Books
    MANAGEMENT JRU Library JRU Library SHELF-64-E 17/05/2016 449.00 658.4 2481 Books
    MANAGEMENT JRU Library JRU Library SHELF-28-E 17/05/2016 449.00 658.4 2482 Books
    MANAGEMENT JRU Library JRU Library SHELF-64-E 17/05/2016 449.00 658.4 2483 Books
    MANAGEMENT JRU Library JRU Library SHELF-64-E 17/05/2016 449.00 658.4 2484 Books
    MANAGEMENT JRU Library JRU Library SHELF-64-E 17/05/2016 449.00 658.4 2485 Books
    MANAGEMENT JRU Library JRU Library SHELF-64-E 17/05/2016 449.00 658.4 2486 Books
    MANAGEMENT JRU Library JRU Library SHELF-64-E 17/05/2016 449.00 658.4 2487 Books